The book of the thousand nights and a night : a plain and literal translation of the Arabian nights entertainments. Volume eight /
The Book of the Thousand Nights and a Night (1885), is a celebrated English language translation of One Thousand and One Nights (the "Arabian Nights") - a collection of Middle Eastern and South Asian stories and folk tales compiled in Arabic during the Islamic Golden Age (8th−13th centurie...
| Other Authors: | , |
|---|---|
| Format: | Book |
| Language: | English Arabic |
| Published: |
London:
Privately printed by the Burton Club,
1885.
|
| Subjects: | |
| Classic Catalogue: | View this record in Classic Catalogue |
| LEADER | 02321nam a2200433 i 4500 | ||
|---|---|---|---|
| 001 | 44663 | ||
| 003 | BD-DhAAL | ||
| 005 | 20250918150347.0 | ||
| 008 | 230624t1885 enkac b 001 0 eng | ||
| 010 | |a 2021781776 | ||
| 035 | |a 23199626 | ||
| 040 | |a DLC |b eng |e rda |c DLC |d BD-DhAAL | ||
| 041 | 1 | |a eng |h ara | |
| 042 | |a pcc | ||
| 050 | 1 | 0 | |a PJ7715 |b .B8 1903 |
| 082 | |a 398.21 |2 23 | ||
| 130 | 0 | |a Arabian nights. |l English |s (Burton) |9 59373 | |
| 245 | 1 | 4 | |a The book of the thousand nights and a night : |b a plain and literal translation of the Arabian nights entertainments. |n Volume eight / |c translated and annotated by Richard F. Burton. |
| 246 | 1 | 8 | |a Alf laylah wa laylah |
| 260 | |a London: |b Privately printed by the Burton Club, |c 1885. | ||
| 300 | |a 359 pages : |b illustrations ; |c 25 cm | ||
| 362 | |a Vol. 8 | ||
| 500 | |a Estimated date of publication from Penzer. | ||
| 500 | |a Printed in the United States of America. | ||
| 504 | |a Includes bibliographical references and indexes. | ||
| 505 | 0 | |a v. 8. The book of the thousand nights and a night | |
| 520 | |a The Book of the Thousand Nights and a Night (1885), is a celebrated English language translation of One Thousand and One Nights (the "Arabian Nights") - a collection of Middle Eastern and South Asian stories and folk tales compiled in Arabic during the Islamic Golden Age (8th−13th centuries) - by the British explorer and Arabist Richard Francis Burton (1821-1890) | ||
| 541 | |a Donated by Farhana Zahir, Assistant Professor, BRAC Business School, BRAC University |e 44663 | ||
| 650 | |a Fairy tales. | ||
| 650 | |a Tales, Arabic. |9 59382 | ||
| 650 | |a Folklore |z Arabian Peninsula. |9 59391 | ||
| 651 | |a Arabian Peninsula |x Folklore. |9 59392 | ||
| 700 | 1 | |a Burton, Richard Francis, |c Sir, |d 1821-1890, |e translator, |e editor. |9 59374 | |
| 700 | 1 | |a Leighton, Frederick, |e illustrator. |9 59375 | |
| 710 | 2 | |a Burton Club, |e publisher. |9 59376 | |
| 740 | 0 | 2 | |a Supplemental nights. |
| 942 | |2 ddc |c BK | ||
| 999 | |c 47582 |d 47582 | ||
| 952 | |0 0 |1 0 |2 ddc |4 0 |6 398_210000000000000_BOO |7 0 |9 78246 |a BRACUL |b BRACUL |c NEW |d 2025-09-18 |e Donated by Farhana Zahir, Assistant Professor, BRAC Business School, BRAC University |l 1 |o 398.21 BOO |p 3010044663 |r 2026-03-01 |s 2026-02-22 |t 1 |w 2025-09-18 |y BK |x Donated by Farhana Zahir, Assistant Professor, BRAC Business School, BRAC University | ||